Elephant just a memory (Record no. 70121)
[ view plain ]
| 000 -LEADER | |
|---|---|
| fixed length control field | 00844cam a2200193 4500 |
| 001 - CONTROL NUMBER | |
| control field | ABS65447 |
| 008 - FIXED-LENGTH DATA ELEMENTS--GENERAL INFORMATION | |
| fixed length control field | 020430n2002 000 0 eng u |
| 035 ## - SYSTEM CONTROL NUMBER | |
| System control number | (Sirsi) u117769 |
| 100 ## - MAIN ENTRY--PERSONAL NAME | |
| Personal name | Wehner, P |
| 245 ## - TITLE STATEMENT | |
| Title | Elephant just a memory |
| 260 ## - PUBLICATION, DISTRIBUTION, ETC. | |
| Date of publication, distribution, etc. | 2002 |
| 490 ## - SERIES STATEMENT | |
| Series statement | Estates Gazette |
| Volume/sequential designation | (0216) 20 April 2002, 42-43(2) |
| 520 ## - SUMMARY, ETC. | |
| Summary, etc. | Looks at why the £1.5bn plan to transform Elephant and Castle area fell through on 9 April 2002. Disagreements over split of any potential profits caused parting of developer Southwark Land Regeneration, Southwark Council and community group ElephantLinks. Council is actively seeking new development partner, so that regeneration will begin again after local elections in May 2002. |
| 590 ## - LOCAL NOTE (RLIN) | |
| Local note | ABS |
| 650 ## - SUBJECT ADDED ENTRY--TOPICAL TERM | |
| Topical term or geographic name entry element | ELEPHANT AND CASTLE |
| 650 ## - SUBJECT ADDED ENTRY--TOPICAL TERM | |
| Topical term or geographic name entry element | SOUTHWARK LBC |
| 690 ## - LOCAL SUBJECT ADDED ENTRY--TOPICAL TERM (OCLC, RLIN) | |
| Topical term or geographic name as entry element | REGENERATION |
| 942 ## - ADDED ENTRY ELEMENTS (KOHA) | |
| Suppress in OPAC | 0 |
| Withdrawn status | Lost status | Source of classification or shelving scheme | Damaged status | Not for loan | Home library | Current library | Shelving location | Date acquired | Total Checkouts | Full call number | Barcode | Date last seen | Copy number | Price effective from | Koha item type |
|---|---|---|---|---|---|---|---|---|---|---|---|---|---|---|---|
| Dewey Decimal Classification | London | London | Journal article | 30/04/2002 | ABS65447 | 117769-1001 | 06/08/2019 | 1 | 06/08/2019 | Journal article |